LotR: Theoden Quotes: Fill in the Blanks - Statistics

General Stats
  • This quiz has been taken 17 times
  • The average score is 6 of 20
Answer Stats
Answer % Correct
"I will not deceive you: when I heard that Shadowfax had returned, I rejoiced at the return of the horse, but still more at the lack of the {rider};"
86%
"Say to Denethor that even if Rohan itself felt no peril, still we would come to his {aid}."
79%
"How shall any tower withstand such numbers and such reckless {hate}?"
64%
"When dawn comes, I will bid men sound Helm's horn, and I will ride forth. Will you ride with me then, son of {Arathorn}? Maybe we shall cleave a road, or make such an end as will be worth a song - if any be left to sing of us hereafter."
64%
"So we come to it in the end. The great {battle} of our time, in which many things shall pass away."
57%
"Do you hear this, {Wormtongue}? This is your choice: to ride with me to war, and let us see in battle whether you are true; or to go now, whither you will."
43%
"To me! To me! Up Eorlingas! Fear no {darkness}!"
43%
"Arise, arise, Riders of Theoden! Fell deeds awake, fire and slaughter! Spear shall be shaken, shield be splintered, a {sword-day}, a red day, ere the sun rises! Ride now, ride now! Ride to Gondor!"
36%
"Hail, King of the Mark! Ride now to {victory}! Bid Eowyn farwell!"
21%
"Alas! That these evil days should be mine, and should come in my old age instead of that peace which I have earned. Alas for {Boromir} the brave! The young perish, and the old linger, withering."
14%
"Even if your war on me was just - as it was not, for were you ten times as wise you would have no right to rule me and mine for your own profit as you desired - even so, what will you say of your torches in Westfold and the {children} that lie dead there?"
14%
"Go, Eowyn sister-daughter! The time for {fear} is past."
14%
"Where is Eomer? For my eyes darken, and I would see him ere I go. He must be king after me. And I would send word to Eowyn. She, she would not have me {leave} her, and now I shall not see her again, dearer than daughter."
14%
"You are a liar, Saruman, and a corrupter of men's hearts. You hold out your hand to me, and I perceive only a finger of the claw of Mordor. {Cruel} and cold!"
14%
"It is said that the Hornburg has never fallen to assault, but now my heart is doubtful. The world changes, and all that once was strong now proves {unsure}."
7%
"Grieve not! It is forgiven. Great heart will not be {denied}. Live now in blessedness; and when you sit with your pipe, think of me! For never now shall I sit with you in Meduseld, as I promised, or listen to your herb-lore."
0%
"I am old, and fear no {peril} any more."
0%
"If you speak truly, Widfara, then may you live beyond this day in years of {blessedness}!"
0%
"Now is the hour come, Riders of the Mark, sons of Eorl! Foes and fire are before you, and your homes far behind. Yet, though you fight upon an {alien} field, the glory that you reap there shall be your own forever."
0%
"Oaths ye have taken: now fulfil them all, to lord and land and league of {friendship}!"
0%
No matching quizzes found
Score Distribution
Percent of People with Each Score
Percentile by Number Answered
Your Score History
You have not taken this quiz